000 00567nam a2200229Ia 4500
003 OSt
005 20220918202105.0
006 a|||||r|||| 00| 0
007 ta
008 220917b |||||||| |||| 00| 0 eng d
024 _a98,695
037 _cTextual
040 _aARTS
_cARTS
_beng
041 _2eng
_aeng
082 _aV2:190U423:N5, J1
100 _aKondapi C
_9102187
245 0 _aIndians overseas, 1838-1949
260 _c1951
650 _aHISTORY
942 _hV2:190U423:N5, J1
_cTEXL
_2CC
999 _c222281
_d222281